Aspectos centrales de la banca mexicana 1982-1990.
V priebehu deviatich rokoch sa uzavrel cyklus: súkromná banka - znárodnená banka - súkromná banka cez hlboké transformácie štruktúrne, právne a operatívne. Analýza hlavných indikátorov výkonu úverov a perspektívy na ekonomické oživenie Mexika.
Saved in:
| Main Author: | |
|---|---|
| Format: | Book Chapter |
| Language: | Spanish |
| Subjects: | |
| Tags: |
No Tags, Be the first to tag this record!
|
MARC
| LEADER | 00000naa a2200000 4500 | ||
|---|---|---|---|
| 001 | r007657 | ||
| 005 | 20221130112524.4 | ||
| 041 | 0 | |a spa | |
| 044 | |a MX | ||
| 245 | 1 | 0 | |a Aspectos centrales de la banca mexicana 1982-1990. |c T. Peňaloza Webb |
| 520 | |a V priebehu deviatich rokoch sa uzavrel cyklus: súkromná banka - znárodnená banka - súkromná banka cez hlboké transformácie štruktúrne, právne a operatívne. Analýza hlavných indikátorov výkonu úverov a perspektívy na ekonomické oživenie Mexika. | ||
| 610 | 2 | 0 | |a banky emisné |
| 610 | 2 | 0 | |a Mexiko |
| 610 | 2 | 0 | |a úver |
| 610 | 2 | 0 | |a 1982-1990 |
| 610 | 2 | 0 | |a údaje štatistické |
| 610 | 2 | 0 | |a oživenie |
| 100 | 1 | |a Peňaloza Webb, T. | |